[Event "Ligue elite du dimanche"]
[Site "Montreal CAN"]
[Date "2017.03.26"]
[Round "4"]
[White "Huang, Qiuyu"]
[Black "Ouellet, Maili-Jade"]
[Result "0-1"]
[WhiteElo "2225"]
[BlackElo "2229"]
[WhiteFideId "-1"]
[WhiteFideId "-1"]
[PlyCount "100"]
[GameId "2160767908478813"]
[EventDate "2017.01.21"]
[EventType "swiss"]
[EventRounds "5"]
[EventCountry "CAN"]
[SourceTitle "EXT 2022"]
[Source "ChessBase"]
[SourceDate "2021.10.06"]
[SourceVersion "1"]
[SourceVersionDate "2021.10.06"]
[SourceQuality "1"]

1. e4 c5 2. Nf3 e6 3. d4 cxd4 4. Nxd4 a6 5. Bd3 Bc5 6. Nb3 Be7 7. c4 d6 8. Nc3 Nf6 9. O-O Qc7 10. a4 Nc6 11. a5 Ne5 12. Na4 Nfd7 13. Bf4 g5 14. Bxe5 Nxe5 15. Nb6 Rb8 16. Be2 Bd7 17. Nd2 Nc6 18. Nb3 Ne5 19. Nd4 Bf6 20. Rb1 Nc6 21. Nxc6 Bxc6 22. Qc2 Be5 23. b4 Rd8 24. g3 h5 25. b5 Bxb5 26. Qd1 Bc6 27. f4 gxf4 28. gxf4 Rg8+ 29. Kf2 Bxf4 30. Ke1 e5 31. Nd5 Qxa5+ 32. Kf2 Qc5+ 33. Ke1 Bxd5 34. Qxd5 Qxd5 35. cxd5 Rd7 36. Bxh5 Rg5 37. Be2 Bxh2 38. Kd2 Rc7 39. Rb6 Ke7 40. Rf3 Bf4+ 41. Kd3 Rg1 42. Rf1 Rg3+ 43. Rf3 Rg2 44. Rf1 Rd7 45. Rf3 Kd8 46. Rf1 Kc7 47. Rfb1 Rg3+ 48. Kc2 Kc8 49. R1b3 Rg2 50. Kd3 Rc7 0-1

[Event "Manitoba-ch Seniors"]
[Site "Winnipeg CAN"]
[Date "2017.12.09"]
[Round "1"]
[White "Beaudry, Claude"]
[Black "Bince, Rolando"]
[Result "0-1"]
[WhiteElo "1455"]
[BlackElo "1992"]
[WhiteFideId "-1"]
[WhiteFideId "-1"]
[PlyCount "53"]
[GameId "2160767908292141"]
[EventDate "2017.12.09"]
[EventType "tourn"]
[EventRounds "5"]
[EventCountry "CAN"]
[SourceTitle "EXT 2022"]
[Source "ChessBase"]
[SourceDate "2021.10.06"]
[SourceVersion "1"]
[SourceVersionDate "2021.10.06"]
[SourceQuality "1"]

1. e4 c6 2. Nf3 d5 3. e5 Nd7 4. d4 e6 5. Nc3 Bb4 6. a3 Bxc3+ 7. bxc3 Ne7 8. h3 c5 9. Bd3 Qa5 10. Bd2 c4 11. Be2 h6 12. O-O Ng6 13. g3 Nb6 14. Nh4 Nxh4 15. gxh4 Na4 16. Qe1 Bd7 17. Bh5 g6 18. Be2 Qd8 19. h5 Qh4 20. Bg4 gxh5 21. f3 Qxe1 22. Raxe1 hxg4 23. fxg4 O-O-O 24. Rxf7 Rdg8 25. Ref1 Kd8 26. R7f6 b5 27. Kg2 0-1

[Event "Manitoba-ch Seniors"]
[Site "Winnipeg CAN"]
[Date "2017.12.09"]
[Round "1"]
[White "Boron, Anthony"]
[Black "Gannon, Keith"]
[Result "1-0"]
[WhiteElo "2074"]
[BlackElo "1462"]
[WhiteFideId "-1"]
[WhiteFideId "-1"]
[PlyCount "57"]
[GameId "2160767908292142"]
[EventDate "2017.12.09"]
[EventType "tourn"]
[EventRounds "5"]
[EventCountry "CAN"]
[SourceTitle "EXT 2022"]
[Source "ChessBase"]
[SourceDate "2021.10.06"]
[SourceVersion "1"]
[SourceVersionDate "2021.10.06"]
[SourceQuality "1"]

1. e4 e5 2. Nf3 Nc6 3. Bc4 Be7 4. d4 exd4 5. Nxd4 Nxd4 6. Qxd4 Bf6 7. e5 Qe7 8. f4 d6 9. O-O dxe5 10. fxe5 Qxe5 11. Bxf7+ Ke7 12. Qxe5+ Bxe5 13. Bb3 Bd4+ 14. Kh1 Nf6 15. c3 Bb6 16. Bg5 Bg4 17. Nd2 h6 18. Rae1+ Kd7 19. Bxf6 gxf6 20. h3 Bh5 21. Ne4 Bg6 22. Nxf6+ Kd8 23. Rd1+ Kc8 24. Be6+ Kb8 25. Nd7+ Kc8 26. Nxb6+ Kb8 27. Nd7+ Kc8 28. Nf8+ Kb8 29. Rd8# 1-0

[Event "Manitoba-ch Seniors"]
[Site "Winnipeg CAN"]
[Date "2017.12.09"]
[Round "2"]
[White "Boron, Anthony"]
[Black "Beaudry, Claude"]
[Result "1-0"]
[WhiteElo "2074"]
[BlackElo "1455"]
[WhiteFideId "-1"]
[WhiteFideId "-1"]
[PlyCount "55"]
[GameId "2160767908292143"]
[EventDate "2017.12.09"]
[EventType "tourn"]
[EventRounds "5"]
[EventCountry "CAN"]
[SourceTitle "EXT 2022"]
[Source "ChessBase"]
[SourceDate "2021.10.06"]
[SourceVersion "1"]
[SourceVersionDate "2021.10.06"]
[SourceQuality "1"]

1. e4 e5 2. Nf3 Nc6 3. Bc4 h6 4. d4 a6 5. dxe5 b5 6. Bd5 Nge7 7. O-O Bb7 8. Re1 Qb8 9. Bf4 g5 10. Bg3 Bg7 11. Nc3 Nb4 12. a3 c6 13. Bxf7+ Kxf7 14. e6+ dxe6 15. Bxb8 Raxb8 16. axb4 Rhd8 17. Qe2 Rd7 18. Rad1 Rbd8 19. Rxd7 Rxd7 20. Rd1 Rxd1+ 21. Qxd1 Bxc3 22. bxc3 Bc8 23. Qd8 c5 24. Ne5+ Kf6 25. Nc6 Kf7 26. Qxe7+ Kg6 27. g4 cxb4 28. Ne5# 1-0

[Event "Manitoba-ch Seniors"]
[Site "Winnipeg CAN"]
[Date "2017.12.09"]
[Round "2"]
[White "Einarsson, Ken"]
[Black "Bince, Rolando"]
[Result "0-1"]
[WhiteElo "1786"]
[BlackElo "1992"]
[WhiteFideId "-1"]
[WhiteFideId "-1"]
[PlyCount "60"]
[GameId "2160767908292144"]
[EventDate "2017.12.09"]
[EventType "tourn"]
[EventRounds "5"]
[EventCountry "CAN"]
[SourceTitle "EXT 2022"]
[Source "ChessBase"]
[SourceDate "2021.10.06"]
[SourceVersion "1"]
[SourceVersionDate "2021.10.06"]
[SourceQuality "1"]

1. d4 Nf6 2. c4 e6 3. Nc3 Bb4 4. Bd2 O-O 5. Nf3 b6 6. e3 Ba6 7. Be2 d5 8. cxd5 Bxe2 9. Qxe2 exd5 10. O-O Re8 11. a3 Bd6 12. Rac1 a6 13. Qd3 c6 14. Ne2 Ne4 15. Bb4 c5 16. dxc5 bxc5 17. Qxd5 Bxh2+ 18. Nxh2 Qxd5 19. Nc3 Nxc3 20. Bxc3 Nc6 21. Rfd1 Qe6 22. Nf3 h6 23. Rd2 Rad8 24. Rdc2 Rd5 25. b4 cxb4 26. Bxb4 Nxb4 27. axb4 Red8 28. Nd4 Rxd4 29. exd4 Rxd4 30. Rc6 Rd1+ 0-1

[Event "Manitoba-ch Seniors"]
[Site "Winnipeg CAN"]
[Date "2017.12.09"]
[Round "3"]
[White "Beaudry, Claude"]
[Black "Einarsson, Ken"]
[Result "0-1"]
[WhiteElo "1455"]
[BlackElo "1786"]
[WhiteFideId "-1"]
[WhiteFideId "-1"]
[PlyCount "62"]
[GameId "2160767908292145"]
[EventDate "2017.12.09"]
[EventType "tourn"]
[EventRounds "5"]
[EventCountry "CAN"]
[SourceTitle "EXT 2022"]
[Source "ChessBase"]
[SourceDate "2021.10.06"]
[SourceVersion "1"]
[SourceVersionDate "2021.10.06"]
[SourceQuality "1"]

1. e4 c6 2. Nf3 d5 3. h3 dxe4 4. Ne5 Nf6 5. Nxf7 Kxf7 6. Bc4+ Be6 7. Bxe6+ Kxe6 8. O-O Kf7 9. d3 h6 10. Bf4 exd3 11. cxd3 Qd4 12. Nc3 Qxf4 13. g3 Qf5 14. g4 Qg5 15. Ne4 Nxe4 16. dxe4 Na6 17. Qb3+ Ke8 18. Qxb7 Rd8 19. Qxa6 Qb5 20. Qxa7 h5 21. f3 Qxb2 22. Rab1 Qd4+ 23. Qxd4 Rxd4 24. Ra1 hxg4 25. fxg4 Rxh3 26. a4 Rg3+ 27. Kh2 Rxg4 28. a5 e5 29. Rf2 Rdxe4 30. Rfa2 Rg6 31. a6 Rh4# 0-1

[Event "Manitoba-ch Seniors"]
[Site "Winnipeg CAN"]
[Date "2017.12.09"]
[Round "3"]
[White "Bince, Rolando"]
[Black "Gannon, Keith"]
[Result "1-0"]
[WhiteElo "1992"]
[BlackElo "1462"]
[WhiteFideId "-1"]
[WhiteFideId "-1"]
[PlyCount "121"]
[GameId "2160767908292146"]
[EventDate "2017.12.09"]
[EventType "tourn"]
[EventRounds "5"]
[EventCountry "CAN"]
[SourceTitle "EXT 2022"]
[Source "ChessBase"]
[SourceDate "2021.10.06"]
[SourceVersion "1"]
[SourceVersionDate "2021.10.06"]
[SourceQuality "1"]

1. Nf3 d5 2. g3 Nc6 3. Bg2 e5 4. O-O Nf6 5. d3 Be7 6. c4 O-O 7. b3 d4 8. a3 a5 9. Bg5 h6 10. Bxf6 Bxf6 11. Nfd2 Bd7 12. f4 exf4 13. gxf4 Bf5 14. Ne4 Be7 15. Nbd2 Re8 16. Ng3 Bh7 17. Nde4 Bh4 18. Ra2 f5 19. Nd2 Bxg3 20. hxg3 g5 21. Bxc6 bxc6 22. Nf3 c5 23. Rf2 Bg6 24. Rh2 Kg7 25. Qf1 Rh8 26. Ne5 Qf6 27. Qg2 g4 28. Rh1 h5 29. Rh4 Rab8 30. Nd7 Qd8 31. Nxb8 Qxb8 32. Rb2 Qb6 33. Qd5 Re8 34. Rh2 Re3 35. Rg2 Kh7 36. b4 cxb4 37. axb4 axb4 38. c5 Qa5 39. Qxd4 Qa1+ 40. Kf2 Re7 41. Rg1 Qa7 42. Rxb4 Qa2 43. Qb2 Qe6 44. Qd2 Qd5 45. Rc4 Bf7 46. Rgc1 c6 47. Rb4 Kg6 48. Rc2 Be8 49. e4 fxe4 50. dxe4 Rxe4 51. Qxd5 cxd5 52. Rxe4 dxe4 53. c6 Bxc6 54. Rxc6+ Kf5 55. Rc5+ Kg6 56. Ke3 h4 57. gxh4 g3 58. Rg5+ Kh6 59. Kxe4 g2 60. Kf5 g1=Q 61. Rxg1 1-0

[Event "Manitoba-ch Seniors"]
[Site "Winnipeg CAN"]
[Date "2017.12.10"]
[Round "4"]
[White "Einarsson, Ken"]
[Black "Boron, Anthony"]
[Result "1-0"]
[WhiteElo "1786"]
[BlackElo "2074"]
[WhiteFideId "-1"]
[WhiteFideId "-1"]
[PlyCount "93"]
[GameId "2160767908292147"]
[EventDate "2017.12.09"]
[EventType "tourn"]
[EventRounds "5"]
[EventCountry "CAN"]
[SourceTitle "EXT 2022"]
[Source "ChessBase"]
[SourceDate "2021.10.06"]
[SourceVersion "1"]
[SourceVersionDate "2021.10.06"]
[SourceQuality "1"]

1. d4 Nf6 2. c4 c5 3. d5 b5 4. b3 e6 5. dxe6 fxe6 6. e3 bxc4 7. Bxc4 d5 8. Bd3 Nc6 9. Bb2 Nb4 10. Nf3 Nxd3+ 11. Qxd3 Be7 12. O-O O-O 13. Ng5 h6 14. Bxf6 hxg5 15. Bxe7 Qxe7 16. Nd2 a5 17. Rfc1 a4 18. Qc3 axb3 19. axb3 Bb7 20. h3 Rfc8 21. Nf3 Qf6 22. Rxa8 Bxa8 23. Qa5 d4 24. Rxc5 Rf8 25. exd4 g4 26. hxg4 Bxf3 27. gxf3 Qxf3 28. Qe1 Qxg4+ 29. Kf1 Qh3+ 30. Ke2 Rf4 31. Rc3 Qh5+ 32. Kf1 Qb5+ 33. Qe2 Qd5 34. Rc8+ Kf7 35. Rc7+ Kg6 36. Qd3+ Kf6 37. Rxg7 Rxf2+ 38. Kxf2 Kxg7 39. Qg3+ Kh6 40. Qf4+ Kg6 41. Qg4+ Kf6 42. Qf3+ Qf5 43. b4 Ke7 44. Qxf5 exf5 45. Kf3 Kd6 46. Kf4 Kd5 47. b5 1-0

[Event "Manitoba-ch Seniors"]
[Site "Winnipeg CAN"]
[Date "2017.12.10"]
[Round "4"]
[White "Gannon, Keith"]
[Black "Beaudry, Claude"]
[Result "1-0"]
[WhiteElo "1462"]
[BlackElo "1455"]
[WhiteFideId "-1"]
[WhiteFideId "-1"]
[PlyCount "61"]
[GameId "2160767908292148"]
[EventDate "2017.12.09"]
[EventType "tourn"]
[EventRounds "5"]
[EventCountry "CAN"]
[SourceTitle "EXT 2022"]
[Source "ChessBase"]
[SourceDate "2021.10.06"]
[SourceVersion "1"]
[SourceVersionDate "2021.10.06"]
[SourceQuality "1"]

1. e4 e5 2. Nf3 Nc6 3. c3 a6 4. d4 Nf6 5. d5 Na5 6. b4 c5 7. bxa5 Qxa5 8. Nxe5 d6 9. Nc4 Qc7 10. Bd3 Qe7 11. O-O b5 12. Nb6 Rb8 13. Nxc8 Rxc8 14. c4 g6 15. Bb2 Bg7 16. Re1 O-O 17. Nd2 h5 18. cxb5 axb5 19. Bxb5 Ng4 20. Bxg7 Kxg7 21. Nf3 Qf6 22. h3 Nxf2 23. Kxf2 c4 24. Qd4 Rc5 25. Qxf6+ Kxf6 26. Bc6 c3 27. Rac1 Ra8 28. Bxa8 Ra5 29. Bc6 Rxa2+ 30. Re2 Rxe2+ 31. Kxe2 1-0

[Event "Manitoba-ch Seniors"]
[Site "Winnipeg CAN"]
[Date "2017.12.10"]
[Round "5"]
[White "Bince, Rolando"]
[Black "Boron, Anthony"]
[Result "0-1"]
[WhiteElo "1992"]
[BlackElo "2074"]
[WhiteFideId "-1"]
[WhiteFideId "-1"]
[PlyCount "84"]
[GameId "2160767908292149"]
[EventDate "2017.12.09"]
[EventType "tourn"]
[EventRounds "5"]
[EventCountry "CAN"]
[SourceTitle "EXT 2022"]
[Source "ChessBase"]
[SourceDate "2021.10.06"]
[SourceVersion "1"]
[SourceVersionDate "2021.10.06"]
[SourceQuality "1"]

1. e4 c6 2. d3 d5 3. Nd2 e5 4. Ngf3 Bd6 5. d4 Bg4 6. h3 Bxf3 7. Qxf3 Nf6 8. exd5 cxd5 9. Bb5+ Nc6 10. dxe5 Bxe5 11. O-O O-O 12. c3 a6 13. Bd3 Re8 14. Nb3 b5 15. Bg5 Qd6 16. Rad1 Bh2+ 17. Kh1 Ne5 18. Qf5 Nxd3 19. Bxf6 Nxb2 20. Rxd5 Qxf6 21. Qxf6 gxf6 22. Kxh2 Rac8 23. Nc5 Rc6 24. Rb1 Re2 25. f3 Nc4 26. Rg1 Rxa2 27. Re1 Ne5 28. Kg3 Ra3 29. Re3 b4 30. f4 Ng6 31. Kg4 Rxc3 32. Re8+ Kg7 33. Ne4 R3c4 34. g3 b3 35. Nd6 Rxd6 36. Rxd6 Rb4 37. Re1 a5 38. Kh5 b2 39. Rb1 a4 40. Ra6 Ne7 41. g4 Nd5 42. Kh4 Nc3 0-1

[Event "Manitoba-ch Seniors"]
[Site "Winnipeg CAN"]
[Date "2017.12.10"]
[Round "5"]
[White "Gannon, Keith"]
[Black "Einarsson, Ken"]
[Result "0-1"]
[WhiteElo "1462"]
[BlackElo "1786"]
[WhiteFideId "-1"]
[WhiteFideId "-1"]
[PlyCount "136"]
[GameId "2160767908292150"]
[EventDate "2017.12.09"]
[EventType "tourn"]
[EventRounds "5"]
[EventCountry "CAN"]
[SourceTitle "EXT 2022"]
[Source "ChessBase"]
[SourceDate "2021.10.06"]
[SourceVersion "1"]
[SourceVersionDate "2021.10.06"]
[SourceQuality "1"]

1. d4 d5 2. Nf3 Nf6 3. e3 Bg4 4. Be2 e6 5. O-O Bd6 6. Nbd2 Nbd7 7. h3 Bh5 8. c4 c5 9. cxd5 Nxd5 10. Ne4 Be7 11. Nxc5 Bxc5 12. dxc5 Nxc5 13. Bb5+ Nd7 14. e4 Nc7 15. Bxd7+ Qxd7 16. Qxd7+ Kxd7 17. Ne5+ Ke7 18. g4 Bg6 19. f3 f6 20. Nd3 Rad8 21. Rd1 Rd7 22. Bf4 e5 23. Be3 Rhd8 24. Nf2 b6 25. Rxd7+ Rxd7 26. Rd1 Bf7 27. Rxd7+ Kxd7 28. a3 Bc4 29. Kg2 Be2 30. g5 Ne6 31. gxf6 gxf6 32. Ng4 Ke7 33. Nh6 Ng7 34. Nf5+ Nxf5 35. exf5 Bd3 36. f4 Bxf5 37. fxe5 fxe5 38. h4 Kd6 39. Kf3 Kd5 40. Bd2 a5 41. b4 a4 42. Bc3 h5 43. Ke3 Bg4 44. Ba1 b5 45. Bb2 e4 46. Kd2 Kc4 47. Bc1 Kb3 48. Ke3 Kc2 49. Bd2 Bf3 50. Be1 Kb3 51. Kd4 Kxa3 52. Kc5 Be2 53. Kd4 Bd3 54. Kc3 Ka2 55. Bd2 Kb1 56. Be3 a3 57. Kb3 a2 58. Bd4 a1=Q 59. Bxa1 Kxa1 60. Kc3 Ka2 61. Kd4 Kb3 62. Ke3 Kxb4 63. Kf4 Kc3 64. Kg5 e3 65. Kxh5 e2 66. Kg5 e1=Q 67. h5 Qe5+ 68. Kh6 Qf6# 0-1

[Event "March of Kings"]
[Site "Calgary CAN"]
[Date "2017.03.11"]
[Round "3.6"]
[White "Dave, Bhavik"]
[Black "Sharma, Vishruth"]
[Result "1-0"]
[WhiteElo "1834"]
[BlackElo "1608"]
[WhiteFideId "-1"]
[WhiteFideId "-1"]
[PlyCount "63"]
[GameId "2160767908478181"]
[EventDate "2017.03.10"]
[EventType "swiss"]
[EventRounds "5"]
[EventCountry "CAN"]

1. d4 Nf6 2. c4 g6 3. Nc3 Bg7 4. e4 d6 5. f4 O-O 6. Nf3 c5 7. d5 a6 8. Be2 e6 9. O-O exd5 10. exd5 Re8 11. Bd3 Nbd7 12. f5 Nf8 13. Qc2 Bd7 14. Bf4 Qc7 15. a4 Rab8 16. fxg6 hxg6 17. Ng5 Nh5 18. Nxf7 Nxf4 19. Rxf4 Re7 20. Bxg6 Be8 21. Raf1 b6 22. Bh5 Rb7 23. Nh6+ Bxh6 24. Rxf8+ Bxf8 25. Bxe8 Rxe8 26. Qg6+ Qg7 27. Qxe8 Re7 28. Qh5 Qd4+ 29. Kh1 Qxc4 30. Qg6+ Bg7 31. Qf5 Re8 32. Qf7+ 1-0

[Event "March of Kings"]
[Site "Calgary CAN"]
[Date "2017.03.12"]
[Round "5.8"]
[White "Chandra, Anand"]
[Black "Qin, Kevin"]
[Result "*"]
[WhiteElo "1681"]
[BlackElo "1148"]
[WhiteFideId "-1"]
[WhiteFideId "-1"]
[PlyCount "54"]
[GameId "2160767908478194"]
[EventDate "2017.03.10"]
[EventType "swiss"]
[EventRounds "5"]
[EventCountry "CAN"]

1. e4 e5 2. Nf3 Nc6 3. Bc4 Bc5 4. c3 Bb6 5. d4 d6 6. dxe5 dxe5 7. Qxd8+ Nxd8 8. Nxe5 Nf6 9. f3 O-O 10. Bg5 Nd7 11. Nxd7 Bxd7 12. Na3 Ne6 13. Bd2 Rad8 14. O-O-O Nc5 15. Bg5 Rde8 16. h4 Be6 17. b4 Na4 18. Kc2 Bxc4 19. Nxc4 Bf2 20. Rd7 f6 21. Bf4 b5 22. Nb2 Nxb2 23. Kxb2 c6 24. h5 Bb6 25. h6 g5 26. Rg7+ Kh8 27. Bd6 Rg8 *

[Event "Mont Royal op"]
[Site "Montreal CAN"]
[Date "2017.07.23"]
[Round "2"]
[White "Durette, Francis"]
[Black "Lopez Linares, Lizandro"]
[Result "1-0"]
[WhiteElo "2028"]
[BlackElo "2144"]
[WhiteFideId "-1"]
[WhiteFideId "-1"]
[PlyCount "83"]
[GameId "2160767908347877"]
[EventDate "2017.07.22"]
[EventType "swiss"]
[EventRounds "9"]
[EventCountry "CAN"]
[SourceTitle "CBM 179 Extra"]
[Source "ChessBase"]
[SourceDate "2017.08.23"]
[SourceVersion "1"]
[SourceVersionDate "2017.08.23"]
[SourceQuality "1"]

1. c4 Nf6 2. Nc3 c6 3. d4 d5 4. Nf3 dxc4 5. a4 Bf5 6. e3 e6 7. Bxc4 Bb4 8. O-O O-O 9. Qe2 Bg4 10. Rd1 Nbd7 11. e4 Bh5 12. h3 Bxf3 13. Qxf3 e5 14. Be3 Qe7 15. d5 a5 16. Qf5 Rad8 17. Bg5 h6 18. Bh4 Kh8 19. Rd3 g6 20. Qf3 g5 21. Bg3 Nc5 22. Re3 Rd6 23. h4 Rg8 24. hxg5 hxg5 25. Qf5 Ncd7 26. Bh2 Rg6 27. Rh3+ Kg7 28. Rd1 Ng8 29. dxc6 g4 30. c7 gxh3 31. c8=Q Ngf6 32. Qxh3 Rh6 33. Qg3+ Rg6 34. Qh4 Rh6 35. Qg5+ Rg6 36. Qf5 Nb6 37. Qb8 Nxc4 38. Qfc8 Rh6 39. Qxc4 Ng4 40. Qcc8 Rxd1+ 41. Nxd1 Qh4 42. Bxe5+ 1-0

[Event "Mont Royal op"]
[Site "Montreal CAN"]
[Date "2017.07.24"]
[Round "3"]
[White "Lopez Linares, Lizandro"]
[Black "Haji Ghanbari, Nader"]
[Result "1-0"]
[WhiteElo "2144"]
[BlackElo "1859"]
[WhiteFideId "-1"]
[WhiteFideId "-1"]
[PlyCount "119"]
[GameId "2160767908347878"]
[EventDate "2017.07.22"]
[EventType "swiss"]
[EventRounds "9"]
[EventCountry "CAN"]
[SourceTitle "CBM 179 Extra"]
[Source "ChessBase"]
[SourceDate "2017.08.23"]
[SourceVersion "1"]
[SourceVersionDate "2017.08.23"]
[SourceQuality "1"]

1. d4 d5 2. c4 c6 3. Nf3 Nf6 4. Nc3 a6 5. c5 Nbd7 6. Bf4 Nh5 7. Bd2 Nhf6 8. Bf4 Nh5 9. e3 Nxf4 10. exf4 Nf6 11. Bd3 Bg4 12. h3 Bxf3 13. Qxf3 g6 14. O-O Bg7 15. Rfe1 O-O 16. Na4 Nd7 17. Qe3 e6 18. Rad1 Qf6 19. Bf1 Bh6 20. g3 Rac8 21. Qb3 Rb8 22. h4 Bg7 23. Qd3 Qd8 24. b3 Re8 25. Bh3 Bf6 26. Bg4 h5 27. Bf3 Qc7 28. Kg2 Kg7 29. a3 Rbc8 30. Be2 Ra8 31. b4 Red8 32. Bf1 Kg8 33. Qc2 Bg7 34. Bd3 Re8 35. Qe2 Nf6 36. Bb1 Ng4 37. Nb6 Rad8 38. a4 Nf6 39. b5 axb5 40. axb5 Nd7 41. f5 Nf8 42. fxg6 fxg6 43. f4 Qf7 44. Qd3 Qf5 45. Qa3 Qg4 46. Bd3 Nd7 47. Qa7 Nxb6 48. Qxb6 Ra8 49. Rd2 cxb5 50. Be2 Qf5 51. Bxb5 Re7 52. Bd3 Qf6 53. Re5 Bh6 54. Rxd5 Rf8 55. Rd8 Rxd8 56. Qxd8+ Kg7 57. Re2 Kf7 58. Bc4 Bg7 59. d5 Qd4 60. dxe6+ 1-0

[Event "Mont Royal op"]
[Site "Montreal CAN"]
[Date "2017.07.26"]
[Round "5"]
[White "Robichaud, Louis"]
[Black "Lopez Linares, Lizandro"]
[Result "1/2-1/2"]
[WhiteElo "2052"]
[BlackElo "2144"]
[WhiteFideId "-1"]
[WhiteFideId "-1"]
[PlyCount "76"]
[GameId "2160767908347881"]
[EventDate "2017.07.22"]
[EventType "swiss"]
[EventRounds "9"]
[EventCountry "CAN"]
[SourceTitle "CBM 179 Extra"]
[Source "ChessBase"]
[SourceDate "2017.08.23"]
[SourceVersion "1"]
[SourceVersionDate "2017.08.23"]
[SourceQuality "1"]

1. e4 d5 2. exd5 Qxd5 3. Nc3 Qa5 4. d4 c6 5. Nf3 Bf5 6. Bc4 Nf6 7. Bd2 e6 8. Nd5 Qd8 9. Nxf6+ Qxf6 10. Qe2 Bg4 11. d5 Bxf3 12. gxf3 cxd5 13. Bxd5 Nc6 14. Bxc6+ bxc6 15. Bc3 Qg5 16. h4 Qb5 17. Qe4 O-O-O 18. Rg1 Qd5 19. Rg5 Qxe4+ 20. fxe4 f6 21. Rg3 Rg8 22. Ke2 Bd6 23. e5 Bc7 24. Rag1 g5 25. hxg5 fxe5 26. g6 hxg6 27. Rxg6 Rge8 28. Rh1 Re7 29. Rhh6 Rde8 30. Bb4 Rf7 31. Rxe6 Rxe6 32. Rxe6 Kd7 33. Rg6 Bb6 34. f3 Rh7 35. Bc3 Rh2+ 36. Kd3 Rf2 37. Kc4 Bc7 38. Rg7+ Kc8 1/2-1/2

[Event "Mont Royal op"]
[Site "Montreal CAN"]
[Date "2017.07.28"]
[Round "7"]
[White "Marin, Sam"]
[Black "Lopez Linares, Lizandro"]
[Result "1-0"]
[WhiteElo "1932"]
[BlackElo "2144"]
[WhiteFideId "-1"]
[WhiteFideId "-1"]
[PlyCount "80"]
[GameId "2160767908347883"]
[EventDate "2017.07.22"]
[EventType "swiss"]
[EventRounds "9"]
[EventCountry "CAN"]
[SourceTitle "CBM 179 Extra"]
[Source "ChessBase"]
[SourceDate "2017.08.23"]
[SourceVersion "1"]
[SourceVersionDate "2017.08.23"]
[SourceQuality "1"]

1. c4 c6 2. Nc3 d5 3. d4 Nf6 4. Nf3 dxc4 5. a4 Bf5 6. e3 e6 7. Bxc4 Bb4 8. O-O O-O 9. h3 Qe7 10. Bd3 Rd8 11. e4 Bxc3 12. exf5 Bb4 13. fxe6 Qxe6 14. Bg5 h6 15. Bh4 Nbd7 16. a5 b5 17. axb6 Nxb6 18. Qc2 a5 19. Rfc1 c5 20. dxc5 Nbd5 21. Nd4 Qc8 22. c6 Nf4 23. Bf5 Qc7 24. Rd1 Rab8 25. Qc4 Rd5 26. Bxf6 gxf6 27. g3 Rc5 28. Qf1 Nh5 29. Qe2 Ng7 30. Bd7 Re5 31. Qf3 Bc5 32. Qxf6 Rxb2 33. Rxa5 Bxd4 34. Ra8+ Kh7 35. Rxd4 Rg5 36. Rg4 Rbb5 37. Qxf7 Qe5 38. Rxg5 Qxg5 39. c7 Qc1+ 40. Kg2 Qxc7 1-0

[Event "Montcalm op"]
[Site "Quebec CAN"]
[Date "2017.01.06"]
[Round "1"]
[White "Auger, Bertrand"]
[Black "Cummins, Paul"]
[Result "1-0"]
[WhiteElo "2019"]
[BlackElo "1758"]
[WhiteFideId "-1"]
[WhiteFideId "-1"]
[PlyCount "81"]
[GameId "2160767908474997"]
[EventDate "2017.01.06"]
[EventType "swiss"]
[EventRounds "5"]
[EventCountry "CAN"]
[SourceTitle "EXT 2022"]
[Source "ChessBase"]
[SourceDate "2021.10.06"]
[SourceVersion "1"]
[SourceVersionDate "2021.10.06"]
[SourceQuality "1"]

1. Nf3 b6 2. g3 Bb7 3. Bg2 e6 4. O-O Nf6 5. c4 c5 6. Nc3 Be7 7. d4 cxd4 8. Qxd4 Nc6 9. Qd2 a6 10. b3 O-O 11. Bb2 d6 12. Rfd1 Qc7 13. Rac1 Rfd8 14. Nd5 exd5 15. cxd5 Qd7 16. dxc6 Bxc6 17. Rxc6 Qxc6 18. Nd4 Qc5 19. Rc1 Qh5 20. Nc6 Bf8 21. Nxd8 Rxd8 22. Bxf6 gxf6 23. Bf3 Qe5 24. Bd5 Bh6 25. Qxh6 Qxd5 26. Qxf6 Re8 27. h4 a5 28. e3 Qe6 29. Qxe6 Rxe6 30. Kg2 Kg7 31. Kf3 h5 32. Ke2 Kf6 33. Rc4 Kg6 34. Rd4 f5 35. Kf3 Rf6 36. Rd5 Re6 37. Rb5 Re5 38. Rxb6 Rd5 39. a4 Kf6 40. Kf4 Rd2 41. f3 1-0

[Event "Montcalm op"]
[Site "Quebec CAN"]
[Date "2017.01.06"]
[Round "1"]
[White "Chevalier, Francois"]
[Black "Pare, Marc"]
[Result "0-1"]
[WhiteElo "1754"]
[BlackElo "1946"]
[WhiteFideId "-1"]
[WhiteFideId "-1"]
[PlyCount "146"]
[GameId "2160767908474999"]
[EventDate "2017.01.06"]
[EventType "swiss"]
[EventRounds "5"]
[EventCountry "CAN"]
[SourceTitle "EXT 2022"]
[Source "ChessBase"]
[SourceDate "2021.10.06"]
[SourceVersion "1"]
[SourceVersionDate "2021.10.06"]
[SourceQuality "1"]

1. d4 b6 2. e4 Bb7 3. Bd3 e6 4. Nf3 Nf6 5. Qe2 d5 6. Nbd2 c5 7. c3 Be7 8. e5 Nfd7 9. O-O c4 10. Bc2 b5 11. Re1 a5 12. Nf1 Nb6 13. Ng3 h5 14. Bd2 N8d7 15. Qe3 Bc6 16. Ng5 h4 17. Nf1 Nf8 18. f4 Bxg5 19. fxg5 Qe7 20. h3 O-O-O 21. Nh2 Nfd7 22. Nf3 g6 23. Qf2 Na8 24. Nxh4 Nc7 25. Nf3 Rh7 26. Nh2 Ne8 27. Ng4 Ng7 28. Rf1 Nf5 29. Bxf5 gxf5 30. Nf6 Nxf6 31. exf6 Qb7 32. Bf4 b4 33. Qe2 Bd7 34. Qe1 Qb6 35. h4 Ba4 36. Qf2 Rd7 37. g3 Rb7 38. Qe2 Rh8 39. h5 Rg8 40. Rf2 Qd8 41. Re1 Bc6 42. g4 fxg4 43. Rg2 a4 44. Be5 Rxg5 45. Rxg4 Qg8 46. Rxg5 Qxg5+ 47. Kf2 a3 48. cxb4 axb2 49. Qxb2 Qxh5 50. a3 Qh4+ 51. Ke2 Qg3 52. Kd2 Qd3+ 53. Kc1 Ba4 54. Bd6 c3 55. Qf2 c2 56. Qe2 Qxa3+ 57. Kd2 Qb2 58. Rc1 Qxd4+ 59. Ke1 Qh4+ 60. Qf2 Qxf2+ 61. Kxf2 Kd7 62. Bc5 e5 63. Ke1 Ke6 64. Be7 d4 65. Kd2 e4 66. Re1 Kd5 67. Rh1 Kc4 68. Rh4 e3+ 69. Kc1 Kd3 70. Bc5 Rd7 71. Rh3 Rd5 72. Rh4 Rf5 73. Rxd4+ Kc3 0-1

[Event "Montcalm op"]
[Site "Quebec CAN"]
[Date "2017.01.06"]
[Round "1"]
[White "Cournoyer, Dominic"]
[Black "Bedard, Maxime"]
[Result "1-0"]
[WhiteElo "1944"]
[BlackElo "1721"]
[WhiteFideId "-1"]
[WhiteFideId "-1"]
[PlyCount "33"]
[GameId "2160767908475000"]
[EventDate "2017.01.06"]
[EventType "swiss"]
[EventRounds "5"]
[EventCountry "CAN"]
[SourceTitle "EXT 2022"]
[Source "ChessBase"]
[SourceDate "2021.10.06"]
[SourceVersion "1"]
[SourceVersionDate "2021.10.06"]
[SourceQuality "1"]

1. c4 c5 2. Nf3 Nf6 3. Nc3 Nc6 4. g3 g6 5. Bg2 Bg7 6. d4 cxd4 7. Nxd4 O-O 8. O-O a6 9. e3 Qc7 10. b3 Rb8 11. Bb2 Nxd4 12. Qxd4 b6 13. Nd5 Qd8 14. Qe5 Bb7 15. Nxe7+ Kh8 16. Qxf6 Bxf6 17. Bxf6# 1-0